Advanced Cardiovascular Life Suport Provider Manual (Record no. 369697)

MARC details
000 -LEADER
fixed length control field 00469nam a22001697a 4500
005 - DATE AND TIME OF LATEST TRANSACTION
control field 20260108151127.0
008 - FIXED-LENGTH DATA ELEMENTS--GENERAL INFORMATION
fixed length control field 260106b |||||||| |||| 00| 0 eng d
020 ## - INTERNATIONAL STANDARD BOOK NUMBER
International Standard Book Number 978-1-61669-500-2
041 ## - LANGUAGE CODE
Language code of text/sound track or separate title English
082 ## - DEWEY DECIMAL CLASSIFICATION NUMBER
Classification number MS 616.1 AHA DB1454
100 ## - MAIN ENTRY--PERSONAL NAME
Author American Heart Association
245 ## - TITLE STATEMENT
Title Advanced Cardiovascular Life Suport Provider Manual
260 ## - PUBLICATION, DISTRIBUTION, ETC.
Name of publisher, distributor, etc. American Heart Association
Place of publication, distribution, etc. USA
Date of publication, distribution, etc. 2016
300 ## - PHYSICAL DESCRIPTION
Extent 190p
365 ## - TRADE PRICE
Price amount Rs.900
942 ## - ADDED ENTRY ELEMENTS (KOHA)
Koha item type Donated Book
Holdings
Withdrawn status Lost status Source of classification or shelving scheme Damaged status Not for loan Home library Current library Shelving location Date acquired Net Price Bill number Total Checkouts Full call number Barcode Date last seen Bill Date Koha item type Original Barcode
    Dewey Decimal Classification     Smt. Bakul Tambat Institute of Nursing Education Smt. Bakul Tambat Institute of Nursing Education Donated Book 08/01/2026 900.00 IK#2025-26#00897   MS 616.1 AHA DB1454 BTIN-DB-1454 06/01/2026 08/01/2026 Donated Book DB1454